000 01041nam a22002537a 4500
005 20170123164149.0
010 _aB-047297
020 _a175.00
035 _aB-047297
037 _bCen Lib / Ret
040 _aDPL
_bPN
082 _a854
_b ਹੁੰਦਲ
100 _a ਹੁੰਦਲ, ਹਰਭਜਨ ਸਿੰਘ
_94285
245 _aਮੋਤੀਆਂ ਵਰਗੇ ਅੱਖਰ :
_cਹਰਭਜਨ ਸਿੰਘ ਹੁੰਦਲ
_bਨਿਬੰਧ /
246 _aMotian warge akhar : a collection of essays /
_bby Harbhajan Singh Hundal
260 _aਦਿੱਲੀ
_bਐਚ ਕੇ ਪ੍ਰਕਾਸ਼ਨ
_c2002
270 _a16/16 (1st floor) ਗੀਤਾ ਕਾਲੋਨੀ ਦਿੱਲੀ
_bਦਿੱਲੀ
_e110031
300 _a168p.
_c23cm(Hb)
650 _aਸਾਹਿਤ -- ਪੰਜਾਬੀ
_9128212
650 _aਪੰਜਾਬੀ- ਨਿਬੰਧ
_9128213
650 _aLiterature -- Punjabi
_9128214
650 _aPunjabi - Essays
_9118968
942 _2ddc
_cPN
_h854
_mਹੁੰਦਲ
999 _c110238
_d110238